Statistics for 100 Largest US Cities by Population Metrics

Click here to take the quiz!

General Stats

  • This quiz has been taken 592 times
    (350 since last reset)
  • The average score is 285 of 400

Answer Stats

MetricPopulationCity% Correct
CSA18,644,680Los Angeles
100%
Metro13,200,998Los Angeles
100%
City Proper3,898,747Los Angeles
100%
Urban12,237,376Los Angeles
100%
CSA7,312,270Houston
99%
City Proper2,304,580Houston
99%
Metro7,122,240Houston
99%
Urban5,853,575Houston
99%
City Proper8,804,190New York
99%
Urban19,426,449New York
99%
CSA23,582,649New York
99%
Metro20,140,470New York
99%
Metro9,618,502Chicago
98%
CSA9,986,960Chicago
98%
City Proper2,746,388Chicago
98%
Urban8,671,746Chicago
98%
Urban5,732,354Dallas
97%
Metro7,637,387Dallas
97%
City Proper1,304,379Dallas
97%
CSA8,121,108Dallas
97%
City Proper442,241Miami
97%
Metro6,138,333Miami
97%
CSA6,868,652Miami
97%
Urban6,077,522Miami
97%
Urban3,269,385San Francisco
96%
Metro4,749,008San Francisco
96%
City Proper873,965San Francisco
96%
CSA9,714,023San Francisco
96%
CSA6,930,423Atlanta
95%
Urban4,999,259Atlanta
95%
City Proper498,715Atlanta
95%
Metro6,089,815Atlanta
95%
Metro6,245,051Philadelphia
95%
CSA7,379,700Philadelphia
95%
City Proper1,603,797Philadelphia
95%
Urban5,696,125Philadelphia
95%
Urban3,070,300San Diego
94%
Metro3,298,634San Diego
94%
CSA3,298,634San Diego
94%
City Proper1,386,932San Diego
94%
City Proper737,015Seattle
94%
Metro4,018,762Seattle
94%
Urban3,544,011Seattle
94%
CSA4,953,421Seattle
94%
CSA9,973,383Washington
93%
Urban5,174,759Washington
93%
City Proper689,545Washington
93%
Metro6,385,162Washington
93%
Metro4,941,632Boston
92%
Urban4,382,009Boston
92%
City Proper675,647Boston
92%
CSA8,466,186Boston
92%
Urban3,976,313Phoenix
92%
Metro4,845,832Phoenix
92%
City Proper1,608,139Phoenix
92%
CSA4,899,104Phoenix
92%
CSA671,607Jackson
92%
Metro591,978Jackson
92%
Metro2,963,821Denver
90%
CSA3,623,560Denver
90%
Urban2,686,147Denver
90%
City Proper715,522Denver
90%
CSA1,733,937Jacksonville
90%
Metro1,605,848Jacksonville
90%
Urban1,247,374Jacksonville
90%
City Proper949,611Jacksonville
90%
CSA3,280,736Portland
90%
Metro2,512,859Portland
90%
Urban2,104,238Portland
90%
City Proper652,503Portland
90%
Metro3,175,275Tampa
90%
Urban2,783,045Tampa
90%
CSA3,175,275Tampa
90%
City Proper384,959Tampa
90%
CSA662,879Portland, ME
90%
CSA2,283,371Austin
89%
City Proper961,855Austin
89%
Metro2,283,371Austin
89%
Urban1,809,888Austin
89%
City Proper639,111Detroit
89%
Metro4,392,041Detroit
89%
CSA5,424,742Detroit
89%
Urban3,776,890Detroit
89%
Metro2,192,035Kansas City
89%
Urban1,674,218Kansas City
89%
City Proper508,090Kansas City
89%
CSA2,528,644Kansas City
89%
Urban1,158,642Nashville
89%
CSA2,118,233Nashville
89%
Metro1,989,519Nashville
89%
City Proper689,447Nashville
89%
Metro1,271,845New Orleans
89%
City Proper383,997New Orleans
89%
CSA1,506,610New Orleans
89%
Urban914,531New Orleans
89%
Urban1,853,896Orlando
89%
Metro2,673,376Orlando
89%
City Proper307,573Orlando
89%
CSA4,222,422Orlando
89%
Metro2,265,461Las Vegas
88%
CSA2,317,052Las Vegas
88%
Urban2,196,623Las Vegas
88%
City Proper641,903Las Vegas
88%
Metro1,337,779Memphis
88%
Urban1,056,190Memphis
88%
City Proper633,104Memphis
88%
CSA1,360,869Memphis
88%
CSA2,576,528San Antonio
88%
Urban1,992,689San Antonio
88%
Metro2,558,143San Antonio
88%
City Proper1,434,625San Antonio
88%
Urban2,156,323St. Louis
88%
City Proper301,578St. Louis
88%
CSA2,924,904St. Louis
88%
Metro2,820,253St. Louis
88%
Urban1,699,881Indianapolis
87%
Metro2,111,040Indianapolis
87%
CSA2,492,514Indianapolis
87%
City Proper887,642Indianapolis
87%
CSA4,078,788Minneapolis
87%
Metro3,690,261Minneapolis
87%
City Proper429,954Minneapolis
87%
Urban2,914,866Minneapolis
87%
Metro2,000,468San Jose
87%
Urban1,837,446San Jose
87%
City Proper1,013,240San Jose
87%
Metro2,844,510Baltimore
86%
City Proper585,708Baltimore
86%
Urban2,212,038Baltimore
86%
Urban1,379,873Charlotte
86%
City Proper874,579Charlotte
86%
CSA2,822,352Charlotte
86%
Metro2,660,329Charlotte
86%
Metro2,138,926Columbus
86%
Urban1,567,254Columbus
86%
City Proper905,748Columbus
86%
CSA2,544,048Columbus
86%
CSA2,680,831Sacramento
86%
City Proper524,943Sacramento
86%
Metro2,397,382Sacramento
86%
Urban1,946,618Sacramento
86%
Metro1,425,695Oklahoma City
85%
Urban982,276Oklahoma City
85%
City Proper681,054Oklahoma City
85%
CSA1,498,149Oklahoma City
85%
CSA1,243,944Buffalo
84%
Urban948,864Buffalo
84%
City Proper278,349Buffalo
84%
Metro1,166,902Buffalo
84%
Metro2,256,884Cincinnati
84%
City Proper309,317Cincinnati
84%
CSA2,316,022Cincinnati
84%
Urban1,686,744Cincinnati
84%
Urban1,712,178Cleveland
84%
CSA3,633,962Cleveland
84%
City Proper372,624Cleveland
84%
Metro2,088,251Cleveland
84%
City Proper302,971Pittsburgh
84%
CSA2,657,149Pittsburgh
84%
Urban1,745,039Pittsburgh
84%
Metro2,370,930Pittsburgh
84%
City Proper564,559Albuquerque
82%
CSA1,162,523Albuquerque
82%
Urban769,837Albuquerque
82%
Metro916,528Albuquerque
82%
CSA2,106,463Raleigh
82%
Urban1,106,646Raleigh
82%
City Proper467,665Raleigh
82%
Metro1,413,982Raleigh
82%
City Proper577,222Milwaukee
81%
Metro1,574,731Milwaukee
81%
Urban1,306,795Milwaukee
81%
CSA2,053,232Milwaukee
81%
Urban1,178,533Salt Lake City
81%
Metro1,257,936Salt Lake City
81%
CSA2,701,129Salt Lake City
81%
Metro868,859El Paso
80%
CSA1,088,420El Paso
80%
City Proper678,815El Paso
80%
Urban854,584El Paso
80%
Urban974,397Louisville
80%
City Proper633,045Louisville
80%
Metro1,285,439Louisville
80%
CSA1,512,133Louisville
80%
Urban819,508Omaha
78%
City Proper486,051Omaha
78%
CSA1,004,771Omaha
78%
Metro967,604Omaha
78%
City Proper918,915Fort Worth
78%
Urban1,059,150Richmond
78%
Metro1,314,434Richmond
78%
CSA1,314,434Richmond
78%
Urban853,252Honolulu
77%
CSA1,016,508Honolulu
77%
City Proper350,964Honolulu
77%
Metro1,016,508Honolulu
77%
CSA1,091,102Tucson
76%
Urban875,441Tucson
76%
City Proper542,629Tucson
76%
Metro1,043,433Tucson
76%
Metro799,636Charleston
76%
Urban684,773Charleston
76%
CSA799,636Charleston
76%
CSA850,341Boise
75%
Urban433,180Boise
75%
City Proper235,684Boise
75%
CSA779,969Charleston, WV
75%
Metro764,718
Boise
75%
CSA755,105Colorado Springs
74%
Metro755,105Colorado Springs
74%
City Proper478,961Colorado Springs
74%
Urban632,494Colorado Springs
74%
Urban1,285,806Providence
74%
Metro1,676,579Providence
74%
CSA657,958Reno
74%
Urban446,529Reno
74%
City Proper264,165Reno
74%
City Proper311,527St. Paul
74%
Metro1,799,674Virginia Beach
73%
CSA1,890,162Virginia Beach
73%
City Proper459,470Virginia Beach
73%
Urban1,451,578Virginia Beach
73%
CSA1,317,395Fresno
72%
Metro1,008,654Fresno
72%
City Proper542,107Fresno
72%
Urban717,589Fresno
72%
Urban774,956Birmingham
72%
CSA1,350,646Birmingham
72%
Metro1,115,289Birmingham
72%
City Proper413,066Tulsa
72%
Metro1,015,331Tulsa
72%
CSA1,134,125Tulsa
72%
Urban722,810Tulsa
72%
City Proper291,247Anchorage
71%
City Proper440,646Oakland
71%
City Proper227,470Baton Rouge
70%
Metro870,569Baton Rouge
70%
CSA870,569Baton Rouge
70%
Urban631,326Baton Rouge
70%
Urban450,305Madison
70%
Metro680,796Madison
70%
CSA910,246Madison
70%
City Proper269,840Madison
70%
Metro748,031Little Rock
70%
Urban461,864Little Rock
70%
CSA912,604Little Rock
70%
Metro699,162Springfield
70%
CSA699,162Springfield
70%
Urban442,145Springfield
70%
CSA1,190,727Albany
69%
Urban593,142Albany
69%
Metro899,262Albany
69%
Metro709,466Des Moines
69%
Urban542,486Des Moines
69%
CSA890,322Des Moines
69%
Metro1,213,531Hartford
69%
CSA1,482,086Hartford
69%
Urban977,158Hartford
69%
Urban704,327Rochester
69%
Metro1,090,135Rochester
69%
CSA1,182,337Rochester
69%
Urban500,231Wichita
68%
CSA682,159Wichita
68%
City Proper397,532Wichita
68%
Metro647,610Wichita
68%
City Proper291,082Lincoln
68%
City Proper249,545Winston-Salem
68%
Metro675,966Winston-Salem
68%
Urban420,924Winston-Salem
68%
City Proper311,549Newark
67%
CSA757,146Spokane
66%
Metro585,784Spokane
66%
City Proper228,989Spokane
66%
Urban447,279Spokane
66%
Metro829,470Columbia
66%
CSA951,412Columbia
66%
Urban590,407Columbia
66%
CSA746,045Lexington
66%
City Proper322,570Lexington
66%
CSA835,489Toledo
65%
City Proper270,871Toledo
65%
Metro646,604Toledo
65%
Urban497,952Toledo
65%
CSA597,465Savannah
64%
City Proper403,455Bakersfield
63%
Urban570,235Bakersfield
63%
CSA909,235Bakersfield
63%
Metro909,235Bakersfield
63%
CSA738,305Syracuse
63%
Metro662,057Syracuse
63%
Urban597,257Knoxville
62%
Metro879,773Knoxville
62%
CSA1,156,861Knoxville
62%
City Proper466,742Long Beach
62%
City Proper504,258Mesa
61%
Urban674,046Dayton
60%
Metro814,049Dayton
60%
CSA1,088,875Dayton
60%
City Proper292,449Jersey City
60%
Urban541,879Akron
59%
Metro702,219Akron
59%
CSA1,423,632Grand Rapids
59%
Metro1,087,592Grand Rapids
59%
Urban605,666Grand Rapids
59%
CSA1,695,306Greensboro
59%
City Proper299,035Greensboro
59%
Metro776,566Greensboro
59%
City Proper346,824Anaheim
58%
City Proper314,998Riverside
58%
Urban2,276,703Riverside
58%
Metro4,599,839Riverside
58%
City Proper394,266Arlington
57%
City Proper238,643Arlington
57%
Metro611,000Augusta
57%
Urban431,480Augusta
57%
CSA611,000Augusta
57%
City Proper283,506Durham
57%
Metro649,903Durham
57%
City Proper317,863Corpus Christi
56%
City Proper263,886Fort Wayne
56%
CSA645,409Fort Wayne
56%
CSA661,964Mobile
55%
Urban490,859Harrisburg
54%
Metro591,712Harrisburg
54%
CSA1,295,259Harrisburg
54%
City Proper238,005Norfolk
54%
CSA1,000,303Chattanooga
53%
Metro864,835New Haven
53%
Urban561,456New Haven
53%
City Proper386,261Aurora
52%
City Proper258,308St. Petersburg
51%
Urban916,408Bridgeport
50%
Metro957,419Bridgeport
50%
City Proper257,141Lubbock
47%
Metro870,781McAllen
47%
CSA936,701McAllen
47%
Urban779,553McAllen
47%
City Proper320,804Stockton
47%
Metro779,233Stockton
47%
City Proper310,227Santa Ana
46%
Metro861,889Allentown
45%
CSA861,889Allentown
45%
Urban621,703Allentown
45%
Metro978,529Worcester
45%
Urban482,085Worcester
45%
City Proper317,610Henderson
44%
CSA648,217Huntsville
44%
City Proper262,527North Las Vegas
44%
City Proper255,205Laredo
43%
City Proper248,325Glendale
42%
Metro671,185Provo
42%
Urban588,609Provo
42%
City Proper241,361Scottsdale
42%
CSA567,559Scranton
41%
CSA834,094Fayetteville
40%
CSA546,725Fayetteville, AR
39%
City Proper307,670Irvine
39%
Urban1,844,410San Juan
38%
City Proper275,487Chula Vista
38%
City Proper285,494Plano
38%
Metro2,081,265San Juan
38%
CSA2,358,201San Juan
38%
City Proper275,987Chandler
36%
City Proper249,422Chesapeake
36%
CSA1,487,610Greenville
36%
Metro928,195Greenville
36%
CSA1,176,193Cape Coral
33%
Urban599,242Cape Coral
33%
Metro760,822Cape Coral
33%
City Proper267,918Gilbert
33%
Urban608,857Ogden
33%
Metro694,863Ogden
33%
CSA812,199South Bend
33%
City Proper256,684Irving
32%
CSA610,330Lafayette
29%
CSA552,984Lancaster
29%
Metro606,612Palm Bay
28%
Urban510,675Palm Bay
28%
CSA606,612Palm Bay
28%
Urban437,745Port St. Lucie
28%
City Proper230,504Fremont
27%
Metro843,843Oxnard
27%
Urban538,583Concord
26%
City Proper246,018Garland
26%
Urban779,075Sarasota
26%
Metro833,716Sarasota
26%
CSA1,054,539Sarasota
26%
City Proper228,673Santa Clarita
25%
CSA643,120Youngstown
22%
Metro725,046Lakeland
21%
Urban504,803McKinney
16%
Urban429,461Denton
15%
CSA551,126Myrtle Beach
15%
Metro697,221Poughkeepsie
11%
Urban418,404Kissimmee
8%
Metro668,921Deltona
7%
Urban646,843Mission Viejo
6%
Urban528,991Temecula
5%
Urban419,946Avondale
4%
Urban425,675Bonita Springs
3%

Score Distribution

Percentile by Number Answered

Percent of People with Each Score

Your Score History

You have not taken this quiz since the last reset